| 000 | 00000nam##2200000za#4500 |
| 001 | 9.606037 |
| 003 | CaOODSP |
| 005 | 20220901164727 |
| 007 | cr ||||||||||| |
| 008 | 150406|2003||||xxc|||||o f|0| 0 fre|d |
| 040 | |aCaOODSP|bfre |
| 043 | |an-cn--- |
| 086 | 1 |aJ3-2/2003-5-1F-PDF |
| 110 | 1 |aCanada.|bJustice Canada. |
| 245 | 10|aSurfer sur la crête de la troisième vague : |h[ressource électronique]|bredéfinir l'aide juridique en matière pénale à l'intérieur d'un cadre d'accès à la justice / |c[par] Albert Currie. |
| 260 | |bJustice Canada |c[2003]. |
| 300 | |a27p.|bfigure |
| 490 | 1 |aMinistère de la justice - rapport de recherche|vRR03-5F |
| 590 | |a13-20-Supp|b2013-08-30 |
| 775 | 08|tRiding the third wave : |w(CaOODSP)9.577291 |
| 830 | #0|aRapport de recherche (Canada. Ministère de la justice. Division de la recherche et de la statistique)|vRR03-5F|w(CaOODSP)9.501474 |
| 856 | 40|ahttp://publications.gc.ca|qPDF|s564 Ko|uhttps://publications.gc.ca/collections/collection_2013/jus/J3-2-2003-5-1-fra.pdf|yRR03-5F |